000 00349 a2200169 4500
001 192823
020 _a978-85-08-12407-7
040 _cMagnum
100 _aAlencar, José de
240 1 0 _aO Guarani
_lpor
245 1 0 _aO Guarani
300 _a95
362 0 _a2009
440 1 _aÁtica
697 _aLITERATURA INFANTO-JUVENIL
942 _cBK
999 _c192823
_d192823